书目信息 |
| 题名: |
创新的策略
|
|
| 作者: | ;创新策略课题组 编著 | |
| 分册: | ||
| 出版信息: | 北京 红旗出版社 2002 |
|
| 页数: | 15,426页 | |
| 开本: | 21cm | |
| 丛书名: | ||
| 单 册: | ||
| 中图分类: | G449.4 | |
| 科图分类: | ||
| 主题词: | 智力测验 | |
| 电子资源: | ||
| ISBN: | 7-5051-0412-8 | |
| 000 | 00996nam0 2200277 45 | |
| 001 | 012006081401 | |
| 005 | 20070727100451.62 | |
| 010 | @a7-5051-0412-8@dCNY26.80 | |
| 092 | @aCN@b501947 | |
| 100 | @a20060814d2002 emky0chiy0120 ea | |
| 101 | 0 | @achi |
| 102 | @aCN@b110000 | |
| 105 | @aa z 000yy | |
| 200 | 1 | @a创新的策略@Achuang xin de ce lue@e创新能力训练和测验@Echuang xin neng li xun lian he ce yan@f创新策略课题组[编著]@Fchuang xin ce lue ke ti zu [ bian zhu ] |
| 205 | @a2版 | |
| 210 | @a北京@c红旗出版社@d2002 | |
| 215 | @a15,426页@c图@d21cm | |
| 320 | @a有书目 | |
| 330 | @a本书分“创新能力训练”和“创新能力测验”2篇,介绍300个创新能力练习题、及多种经典的创新能力测验量表等。 | |
| 510 | 1 | @aThe strategy of creating@zeng |
| 517 | 1 | @a创新能力训练和测验@Achuang xin neng li xun lian he ce yan |
| 606 | 0 | @a智力测验 |
| 690 | @aG449.4@v4 | |
| 711 | 02 | @a创新策略课题组@Achuang xin ce lue ke ti zu@4编著 |
| 801 | 0 | @aCN@bLZJBOOK@c20070727 |
| 905 | @a10447@dG449.4@e149=2 | |
| 创新的策略:创新能力训练和测验/创新策略课题组[编著].-2版.-北京:红旗出版社,2002 |
| 15,426页:图;21cm |
| ISBN 7-5051-0412-8:CNY26.80 |
| 本书分“创新能力训练”和“创新能力测验”2篇,介绍300个创新能力练习题、及多种经典的创新能力测验量表等。 |
| ● |
| 相关链接 |
|
|
|
|
正题名:创新的策略
索取号:G449.4/149=2
 
预约/预借
| 序号 | 登录号 | 条形码 | 馆藏地/架位号 | 状态 | 备注 |
| 1 | 0566606 | 205666064 | 第一样本阅览室/ [索取号:G449.4/149=2] | 在馆 | |
| 2 | 0566607 | 205666073 | 第四借阅区/ [索取号:G449.4/149=2] | 在馆 | |
| 3 | 0566608 | 205666082 | 第四借阅区/ [索取号:G449.4/149=2] | 在馆 | |
| 4 | 0566609 | 205666091 | 第四借阅区/ [索取号:G449.4/149=2] | 在馆 | |
| 5 | 0566610 | 205666108 | 第四借阅区/ [索取号:G449.4/149=2] | 在馆 | |
| 6 | 0566611 | 205666117 | 第四借阅区/ [索取号:G449.4/149=2] | 在馆 | |
| 7 | 0566612 | 205666126 | 第四借阅区/ [索取号:G449.4/149=2] | 在馆 | |
| 8 | 0566613 | 205666135 | 第四借阅区/ [索取号:G449.4/149=2] | 在馆 | |
| 9 | 0784626 | 207846269 | 密集书库/ [索取号:G449.4/149=2] | 在馆 |